[Event "Hyderabad Pearl City op"]
[Site "Hyderabad"]
[Date "2019.09.07"]
[Round "2"]
[White "Mitrabha, Guha"]
[Black "Sujay, BM."]
[Result "1-0"]
[WhiteElo "2414"]
[BlackElo "1540"]
[PlyCount "64"]
[EventDate "2019.09.06"]
[EventType "swiss"]
[EventRounds "11"]
[EventCountry "IND"]
[SourceTitle "EXT 2020"]
[Source "ChessBase"]
[SourceDate "2019.10.17"]
[SourceVersion "1"]
[SourceVersionDate "2019.10.17"]
[SourceQuality "1"]

1. d4 Nf6 2. c4 g6 3. g3 d5 4. cxd5 Nxd5 5. e4 Nb6 6. Bg2 Bg7 7. Ne2 0-0 8. 0-0 c6 9. Nbc3 a5 10. Qc2 Na6 11. a3 Bg4 12. h3 Be6 13. Rd1 a4 14. d5 cxd5 15. Nf4 d4 16. Nxe6 fxe6 17. Nxa4 Nxa4 18. Qxa4 e5 19. Bd2 Kh8 20. Rac1 Nc5 21. Qb5 Ne6 22. Bb4 Ng5 23. Qxb7 Bf6 24. Rc6 Nf7 25. Rdc1 Bg5 26. f4 exf4 27. gxf4 Bxf4 28. Bxe7 Be3+ 29. Kh1 Rb8 30. Qa7 Ra8 31. Qc5 Qb8 32. Bxf8 Bxc1 1-0